000 00726cam a22002413a 4500
001 6381
003 PGUSA
005 20140828083131.0
008 040801s2004||||xxu|||||s|||||000 | eng d
040 _aPGUSA
_beng
042 _adc
050 4 _aF2001
100 1 _aHearn, Lafcadio,
_d1850-1904
245 1 0 _aTwo Years in the French West Indies
_h[electronic resource] /
_cLafcadio Hearn
260 _bProject Gutenberg,
_c2004
506 _aPublic domain in the USA.
516 _aElectronic text
653 _aHearn, Lafcadio, 1850-1904 -- Travel -- Martinique
653 _aMartinique -- Description and travel
830 0 _aProject Gutenberg
_v6381
856 4 0 _uhttp://www.gutenberg.org/ebooks/6381
942 _cEB
999 _c235704
_d235704